ბათუმის შოთა რუსთაველის სახელმწიფო უნივერსიტეტის ბიბლიოთეკა

ნაქალაქარი ურბნისი = Городище Урбниси : (ბიბ.ჩანაწერი № 59733)

000 -ლიდერი
ფიქსირებული სიგრძის საკონტროლო ველი 01248nam a22002057a 4500
003 - საკონტროლო ნომრის იდენტიფიკატორი
საკონტროლო ველი Ge_BSU
005 - ბოლო ოპერაციის თარიღი და დრო
საკონტროლო ველი 20230407161425.0
008 - ფიქსირებული სიგრძის მონაცემთა ელემენტები - ზოგადი ინფორმაცია
ფიქსირებული სიგრძის საკონტროლო ველი 230407s1964 ge ||||| |||| 00| 0 geo d
041 ## - ენის კოდი
Language code of text/sound track or separate title geo
080 ## - უნივერსალური ათობითი კლასიფიკაციის ინდექსი
Universal Decimal Classification number 903.43(479.22) ჭ-46
100 ## - მთავარი ჩანაწერი - პიროვნების სახელი
Personal name ჭილაშვილი, ლევან
9 (RLIN) 17554
245 ## - ცნობა სათაურის შესახებ
Title ნაქალაქარი ურბნისი = Городище Урбниси :
Remainder of title ისტორიულ-არქეოლოგიური გამოკვლევა /
Statement of responsibility, etc ლევან ჭილაშვილი; რედ. პ. ზაქარაია; საქ. სსრ მეცნ. აკად., ს. ჯანაშიას სახ. საქ. სახელმ. მუზეუმი.
264 ## - წარმოების, გამოცემის, დისტრიბუციის და სხვა ცნობები
გამოცემის, წარმოების, დისტრიბუციის... ადგილი თბილისი :
გამოცემის, წარმოების, დისტრიბუციის... სახელწოდება საქ. მეცნ. აკად. გამ-ბა,
გამოცემის, წარმოების, დისტრიბუციის... თარიღი 1964.
300 ## - ფიზიკური აღწერა
Extent 181 გვ. :
Other physical details ილ., 22 ფ. ილ. ;
Dimensions 26 სმ.
504 ## - BIBLIOGRAPHY, ETC. NOTE
Bibliography, etc ბიბლიოგრაფია შენიშვნებში.
520 ## - SUMMARY, ETC.
Summary, etc რეზუმე რუსულ ენაზე.
653 ## - INDEX TERM--UNCONTROLLED
Uncontrolled term ნაქალაქარები საქართველოში
700 ## - ADDED ENTRY--PERSONAL NAME
Personal name ზაქარაია, პ.
Relator term რედაქტორი
9 (RLIN) 305
942 ## - ADDED ENTRY ELEMENTS (KOHA)
Source of classification or shelving scheme
Koha item type წიგნი
ეგზემპლარები
ჩამოწერის სტატუსი დაკარგული ეგზემპლარის სტატუსი კლასიფიკაციის წყარო ან თაროზე გაწყობის სქემა დაზიანების სტატუსი არ გაიცემა მუდმივი მდებარეობა (დაცვის ადგილი) ამჟამინდელი ადგილსამყოფელი თაროზე განთავსების ადგილი შეძენის თარიღი ღირებულება, შესყიდვის ნორმალური ფასი სრული შენახვის შიფრი შტრიხკოდი ბოლო ოპერაციის თარიღი ეგზემპლარის მიმდევრობითი ნომერი (კეტერი?) Uniform Resource Identifier ფასის ძალაში შესვლის თარიღი ეგზემპლარის სახეობა საჯარო შენიშვნა
          ბათუმის შოთა რუსთაველის სახელმწიფო უნივერსიტეტის მთავარი ბიბლიოთეკა ბათუმის შოთა რუსთაველის სახელმწიფო უნივერსიტეტის მთავარი ბიბლიოთეკა წიგნსაცავი 2023-04-07 10.00 903.43(479.22) ჭ-46 64214 2023-04-07 64214 ბსუ-ს საპატიო დოქტორის გურამ ლორთქიფანიძის საჩუქარი 2023-04-07 წიგნი 10 ლ.